| 000 | 00433cam a2200181ua 4500 | ||
|---|---|---|---|
| 041 |
_aeng _h |
||
| 082 |
_a592 _bBOR/IN |
||
| 100 | _aBorradaile, L A . | ||
| 245 |
_aInvertebrata / _cL A Borradaile. _hTextual Documents |
||
| 250 |
_a4 / _b. |
||
| 260 |
_aMumbai : _bAsia Publishing House , _c1964. |
||
| 300 | _a820 ; . | ||
| 504 | _a | ||
| 700 | 1 | _aPotts, F A . | |
| 942 | _cBK | ||
| 999 |
_c9967 _d9967 |
||